| 000 | 01333cam a2200385 a 4500 | ||
|---|---|---|---|
| 005 | 20260322212054.0 | ||
| 008 | data | ||
| 010 | _a 2003065581 | ||
| 020 | _a1585621773 (pbk. : alk. paper) | ||
| 020 | _a9781585621774 (pbk. : alk. paper) | ||
| 040 |
_aDNLM/DLC _cDLC _dCtY-M |
||
| 042 | _apcc | ||
| 050 | 0 | 0 |
_aRC473.N48 _bN466 2004 |
| 060 | 1 | 0 |
_aWM 145.5.N4 _bN494 2004 |
| 245 | 0 | 0 |
_aNeuropsychiatric assessment / _cedited by Stuart C. Yudofsky, H. Florence Kim. |
| 250 | _a1st ed. | ||
| 260 |
_aWashington, DC : _bAmerican Psychiatric Pub., _cc2004. |
||
| 300 |
_axvii, 208 p. : _bill. ; _c23 cm. |
||
| 490 | 1 |
_aReview of psychiatry, _x1041-5882 ; _vv. 23, no. 2 |
|
| 504 | _aIncludes bibliographical references and index. | ||
| 590 | _aIncludes bibliographical references and index. | ||
| 650 | 0 |
_aMental illness _xDiagnosis. |
|
| 650 | 0 |
_aNervous system _xDiagnosis. _xDiagnosis. |
|
| 650 | 0 | _aNeuropsychological tests. | |
| 650 | 0 | _aNeuropsychiatry. | |
| 650 | 1 | 2 |
_aMental Disorders _xdiagnosis. |
| 650 | 1 | 2 | _aNeuropsychological Tests. |
| 650 | 2 | 2 |
_aDiagnostic Imaging _xmethods. |
| 650 | 2 | 2 |
_aNervous System Diseases _xdiagnosis. |
| 650 | 2 | 2 |
_aNeuropsychology _xmethods. |
| 700 | 1 | _aYudofsky, Stuart C. | |
| 700 | 1 |
_aKim, H. Florence, _d1971- |
|
| 830 | 0 |
_aReview of psychiatry series ; _vv. 23, 2. |
|
| 001 | data | ||
| 999 |
_c1279 _d1279 |
||